000 00204 a2200097 4500
001 29152
100 _aGreen C.D
245 _aIntegral equation methods
260 _a
_bNelson
_c
090 _c19480
_d19480
942 _aNUST-CAE
_cM
_c10536
999 _c264225
_d264225